NYC Shuttle Subway Stations (Harder Version) - Statistics

General Stats
  • This quiz has been taken 13 times
  • The average score is 10 of 11
Answer Stats
Borough Neighborhood Station Transfers % Correct
Manhattan Midtown Grand Central–42nd Street 7, 4, 5, 6
100%
Manhattan Times Square Times Square–42nd Street N, Q, R, W, 1, 2, 3, 7
100%
Queens Broad Channel Broad Channel A
92%
Brooklyn Bedford–Stuyvesant Franklin Avenue C
92%
Brooklyn Crown Heights Franklin Avenue/Botanic Garden 2, 3, 4, 5
92%
Brooklyn Crown Heights Park Place
92%
Brooklyn Flatbush Prospect Park B, Q
92%
Queens Rockaway Park Rockaway Park–Beach 116th Street
92%
Queens Rockaway Park Beach 105th Street
75%
Queens Rockaway Beach Beach 90th Street
75%
Queens Rockaway Beach Beach 98th Street
75%
No matching quizzes found
Score Distribution
Percent of People with Each Score
Percentile by Number Answered
Your Score History
You have not taken this quiz